Euro 2020 Group C - North Macedonia - Netherlands - Statistics

General Stats
  • This quiz has been taken 45 times
  • The average score is 17 of 34
Answer Stats
Player % Correct
Goran Pandev
90%
Denzel Dumfries
88%
Memphis Depay ¹
88%
Frenkie de Jong
85%
Daley Blind
83%
Matthijs de Ligt
83%
Georginio Wijnaldum ²
78%
Frank de Boer
70%
Stefan de Vrij
70%
Wout Weghorst
68%
Donyell Malen
65%
Ezgjan Alioski
63%
Elif Elmas
55%
Maarten Stekelenburg
55%
Jurriën Timber
53%
Patrick van Aanholt
50%
Stole Dimitrievski
50%
Enis Bardhi
43%
Stefan Ristovski
40%
Steven Berghuis
40%
Aleksandar Trajkovski
38%
Arijan Ademi
35%
Cody Gakpo
33%
Quincy Promes
30%
Darko Churlinov
28%
Ryan Gravenberch
28%
Darko Velkovski
25%
Igor Angelovski
25%
Visar Musliu
25%
Boban Nikolov
23%
Ivan Trichkovski
23%
Vlatko Stojanovski
13%
Ferhan Hasani
10%
Tihomir Kostadinov
10%
No matching quizzes found
Score Distribution
Percent of People with Each Score
Percentile by Number Answered
Your Score History
You have not taken this quiz